00985cam a2200265 a 450000500170000000800410001702000150005804000240007304100080009704400070010508200160011224500850012826000640021330000910027750400420036865000280041065000410043865000310047965000490051070000500055970000300060970000300063970000220066970000280069120150922155318.0081008t 2005ck abfo rc 000 0 spa d a9589769047 aCO-BoPUJcCO-BoIAVH0 aspa ack04a597.8bR15r00aRanas arlequines / cedición por José Vicente Rodríguez Mahecha...[et al.] aBogotá (Colombia) :bConservación Internacional,c2005. a158 páginas, [42 páginas]bilustraciones, fotos a color, láminas y mapasc14 cm. aIncluye referencias bibliográficas.14aRanaszAmérica Latina14aRanaszAmérica LatinaxTaxonomía24aAnfibioszAmérica Latina24aConservación biológicazAmérica Latina1 aRodríguez Mahecha, José VicenteeEdítor1 aLa Marca, EnriqueeEditor1 aLötters, StefaneEditor1 aKahn, TedeEditor1 aAngulo, AriadneeEditor